Départements d'Occitanie - Statistiques

Statistiques générales
  • Ce quiz a été pris 1 229 fois
  • Le résultat moyen est 11 sur 13
Statistiques - réponses
Réponse % Correct
11 Aude
88%
34 Hérault
87%
81 Tarn
87%
31 Haute-Garonne
86%
30 Gard
85%
46 Lot
85%
66 Pyrénées orientales
85%
12 Aveyron
84%
32 Gers
84%
65 Hautes-Pyrénées
84%
82 Tarn-et-Garonne
84%
09 Ariège
83%
48 Lozère
77%
Aucun quiz correspondant
Distribution des résultats
% des personnes avec chaque résultat
Percentile par nombre de réponses
Votre historique - résultats
Vous n’avez pas pris ce quiz